[Event "CAN-ch U10"]
[Site "Windsor"]
[Date "2015.07.08"]
[Round "5.104"]
[White "Bivol Mateo, Adrian"]
[Black "Wang, Ray"]
[Result "1-0"]
[WhiteElo "1100"]
[BlackElo "659"]
[PlyCount "91"]
[EventDate "2015.07.06"]
[EventType "swiss"]
[EventRounds "7"]
[EventCountry "CAN"]
[SourceTitle "EXT 2022"]
[Source "ChessBase"]
[SourceDate "2021.10.06"]
[SourceVersion "1"]
[SourceVersionDate "2021.10.06"]
[SourceQuality "1"]

1. e4 e5 2. Nf3 Nc6 3. d4 Nf6 4. Bg5 Bb4+ 5. Nc3 h6 6. Bxf6 Qxf6 7. a3 Bxc3+ 8. bxc3 d6 9. Bb5 Bd7 10. 0-0 0-0 11. d5 Nb8 12. Rb1 Qg6 13. Bxd7 Nxd7 14. Rxb7 Nf6 15. Rxc7 Nxe4 16. Qd3 Rab8 17. Rc4 Nf6 18. Qxg6 fxg6 19. Rd1 Nxd5 20. h3 Rb5 21. a4 Ra5 22. Nd2 Nf6 23. Nb3 d5 24. Nxa5 dxc4 25. Nxc4 Ne4 26. f3 Nxc3 27. Ra1 Ne2+ 28. Kf2 Nd4 29. c3 Nc2 30. Rc1 e4 31. Rxc2 exf3 32. gxf3 Rc8 33. Ne5 g5 34. Ng6 Kh7 35. Ne5 h5 36. c4 Rc5 37. Nd3 Rf5 38. Kg2 g4 39. fxg4 hxg4 40. hxg4 Rg5 41. Kf3 Rg6 42. c5 Rc6 43. Nb4 Rxc5 44. Rxc5 g6 45. Rc7+ Kh6 46. Rxa7 1-0